Zákon č. 580/2004 Z.z. o zdravotnom poistení ...
Zákon č. 580/2004 Z.z. o zdravotnom poistení a o zmene a doplnení zákona č. 95/2002 Z.z. o poisťovníctve v znení ďalších zákonov a zákona č. 660/2005 Z.z. Tento zákon ustanovuje zdravotné poistenie, právne vzťahy vznikajúce na základe zdravotného poistenia a prerozdeľovanie poistného na verejné zdra...
Gespeichert in:
| Format: | Buchkapitel |
|---|---|
| Sprache: | Slowakisch |
| Schlagworte: | |
| Tags: |
Keine Tags, Fügen Sie das erste Tag hinzu!
|
MARC
| LEADER | 00000naa$a2200000$$$4500 | ||
|---|---|---|---|
| 001 | 0043042 | ||
| 005 | 20231106072001.2 | ||
| 041 | 0 | |a slo | |
| 044 | |a SK | ||
| 245 | 1 | 0 | |a Zákon č. 580/2004 Z.z. o zdravotnom poistení ... |
| 520 | |a Zákon č. 580/2004 Z.z. o zdravotnom poistení a o zmene a doplnení zákona č. 95/2002 Z.z. o poisťovníctve v znení ďalších zákonov a zákona č. 660/2005 Z.z. Tento zákon ustanovuje zdravotné poistenie, právne vzťahy vznikajúce na základe zdravotného poistenia a prerozdeľovanie poistného na verejné zdravotné poistenie. | ||
| 610 | 2 | 0 | |a poistenie zdravotné |
| 610 | 2 | 0 | |a zákony |
| 610 | 2 | 0 | |a Slovensko |
| 610 | 2 | 0 | |a 2004-2005 |